ბათუმის შოთა რუსთაველის სახელმწიფო უნივერსიტეტის ბიბლიოთეკა

ამონი ანუ ათასი წლის შემდეგ (ბიბ.ჩანაწერი № 48465)

000 -LEADER
fixed length control field 00833nam a2200229Ia 4500
001 - CONTROL NUMBER
control field 15359
003 - CONTROL NUMBER IDENTIFIER
control field GE_BSU
008 - FIXED-LENGTH DATA ELEMENTS--GENERAL INFORMATION
fixed length control field 181216s||||||||xx |||||||||||||| ||und||
040 ## - CATALOGING SOURCE
Transcribing agency GE_BSU
080 ## - UNIVERSAL DECIMAL CLASSIFICATION NUMBER
Universal Decimal Classification number 821.353.1-312.9
100 ## - MAIN ENTRY--PERSONAL NAME
Personal name ყიფიანი, ივ.
245 ## - TITLE STATEMENT
Title ამონი ანუ ათასი წლის შემდეგ
245 ## - TITLE STATEMENT
Remainder of title ფანტასტიური რომანი
245 ## - TITLE STATEMENT
Statement of responsibility, etc. რედ.ს.თურმანიძე. მხატვ.ლ.ზაალიშვილი
260 ## - PUBLICATION, DISTRIBUTION, ETC.
Place of publication, distribution, etc. თბილისი
260 ## - PUBLICATION, DISTRIBUTION, ETC.
Name of publisher, distributor, etc. ფედერაცია
260 ## - PUBLICATION, DISTRIBUTION, ETC.
Date of publication, distribution, etc. 1936
300 ## - PHYSICAL DESCRIPTION
Extent 190გვ.22სმ.
653 ## - INDEX TERM--UNCONTROLLED
Uncontrolled term ამონი ანუ ათასი წლის შემდეგ
653 ## - INDEX TERM--UNCONTROLLED
Uncontrolled term ფანტასტიური რომანი
942 ## - ADDED ENTRY ELEMENTS (KOHA)
Koha item type წიგნი
ეგზემპლარები
Withdrawn status Lost status Damaged status Not for loan Date acquired Barcode Date last seen Price effective from Koha item type
        2018-12-17 37910 2018-12-17 2018-12-17 წიგნი